Criminalisation of Possession of Narcotics in Poland

Otázka kriminalizácie držby omamných látok v Poľsku. Osobitná pozornosť sa venuje inštitútu dobrovoľného ukončenia trestného konania v prípadoch, keď má osoba, ktorá spáchala trestný čin, v držbe nezanedbateľné množstvo omamných látok pre vlastnú potrebu. Súlad v oblasti regulácie medzi Poľskom, USA...

Descripción completa

Guardado en:
Detalles Bibliográficos
Autor principal: Banasik, Katarzyna
Formato: Capítulo de libro
Lenguaje:inglés
Materias:
Etiquetas: Agregar Etiqueta
Sin Etiquetas, Sea el primero en etiquetar este registro!

MARC

LEADER 00000naa a2200000 4500
001 0277494
005 20210726130746.9
041 0 |a eng 
044 |a SK 
245 1 0 |a Criminalisation of Possession of Narcotics in Poland  |c Katarzyna Banasik 
520 |a Otázka kriminalizácie držby omamných látok v Poľsku. Osobitná pozornosť sa venuje inštitútu dobrovoľného ukončenia trestného konania v prípadoch, keď má osoba, ktorá spáchala trestný čin, v držbe nezanedbateľné množstvo omamných látok pre vlastnú potrebu. Súlad v oblasti regulácie medzi Poľskom, USA a EÚ. Hodnotenie súčasného stavu príslušnej poľskej legislatívy. 
610 2 0 |a drogy 
610 2 0 |a právo trestné 
610 2 0 |a regulácia 
610 2 0 |a história 
610 2 0 |a Poľsko 
100 1 |a Banasik, Katarzyna